[Event "Girls U12 Polish Youth Championship"]
[Site "chess24.com"]
[Date "2018.05.05"]
[Round "9"]
[White "Wiecek, Karolina"]
[Black "Wichura, Sara"]
[Result "1-0"]
[Board "14"]
[WhiteElo "1221"]
[WhiteCountry "POL"]
[WhiteFideId "1198440"]
[WhiteEloChange "9"]
[BlackElo "1179"]
[BlackCountry "POL"]
[BlackFideId "21816670"]
[BlackEloChange "-9"]

1. d4 {[%clk 1:30:52]} d5 {[%clk 1:30:53]} 2. c4 {[%clk 1:31:18]} e6 {[%clk
1:31:16]} 3. Nc3 {[%clk 1:31:39]} Nf6 {[%clk 1:29:37]} 4. Bg5 {[%clk 1:30:48]}
Be7 {[%clk 1:29:52]} 5. Nf3 {[%clk 1:30:56]} O-O {[%clk 1:27:11]} 6. e3 {[%clk
1:31:07]} b6 {[%clk 1:22:16]} 7. Bd3 {[%clk 1:30:54]} Bb7 {[%clk 1:20:58]} 8. O-O
{[%clk 1:30:40]} Nbd7 {[%clk 1:20:57]} 9. a3 {[%clk 1:27:38]} c5 {[%clk 1:10:39]}
10. Rc1 {[%clk 1:19:37]} Rc8 {[%clk 1:05:51]} 11. cxd5 {[%clk 1:15:49]} exd5
{[%clk 1:00:58]} 12. Re1 {[%clk 1:10:18]} Ne4 {[%clk 0:56:35]} 13. Bxe7 {[%clk
1:05:45]} Qxe7 {[%clk 0:52:02]} 14. Nd2 {[%clk 0:56:47]} Ndf6 {[%clk 0:51:08]}
15. Ndxe4 {[%clk 0:56:50]} Nxe4 {[%clk 0:48:30]} 16. Nxe4 {[%clk 0:55:49]} dxe4
{[%clk 0:48:57]} 17. Be2 {[%clk 0:53:10]} Rfd8 {[%clk 0:47:47]} 18. h3 {[%clk
0:46:07]} Qd6 {[%clk 0:47:19]} 19. dxc5 {[%clk 0:44:47]} Qxd1 {[%clk 0:47:04]}
20. Rexd1 {[%clk 0:45:06]} Rxd1+ {[%clk 0:47:23]} 21. Rxd1 {[%clk 0:45:18]} bxc5
{[%clk 0:47:33]} 22. Rd7 {[%clk 0:45:06]} Bc6 {[%clk 0:40:29]} 23. Rxa7 {[%clk
0:42:16]} Bd5 {[%clk 0:40:46]} 24. Rd7 {[%clk 0:41:37]} Be6 {[%clk 0:41:00]} 25.
Rd2 {[%clk 0:41:15]} g6 {[%clk 0:41:21]} 26. Kf1 {[%clk 0:39:51]} Kg7 {[%clk
0:39:25]} 27. Ke1 {[%clk 0:39:40]} Kf6 {[%clk 0:37:41]} 28. Bg4 {[%clk 0:39:24]}
Bxg4 {[%clk 0:36:25]} 29. hxg4 {[%clk 0:39:49]} c4 {[%clk 0:34:19]} 30. Rc2
{[%clk 0:39:57]} Ke5 {[%clk 0:34:16]} 31. Ke2 {[%clk 0:40:05]} h6 {[%clk
0:34:34]} 32. f3 {[%clk 0:40:08]} g5 {[%clk 0:33:35]} 33. Rc3 {[%clk 0:38:47]}
exf3+ {[%clk 0:31:09]} 34. gxf3 {[%clk 0:38:57]} f5 {[%clk 0:31:04]} 35. gxf5
{[%clk 0:38:39]} Kxf5 {[%clk 0:31:29]} 36. b3 {[%clk 0:37:42]} Ke5 {[%clk
0:31:21]} 37. Rxc4 {[%clk 0:35:50]} Rxc4 {[%clk 0:30:57]} 38. bxc4 {[%clk
0:36:03]} Kd6 {[%clk 0:31:23]} 39. e4 {[%clk 0:33:12]} Kc5 {[%clk 0:31:32]} 40.
a4 {[%clk 0:32:38]} Kxc4 {[%clk 0:31:52]} 41. a5 {[%clk 0:32:51]} Kb5 {[%clk
0:32:13]} 42. e5 {[%clk 0:33:11]} h5 {[%clk 0:30:25]} 43. e6 {[%clk 0:33:15]} Kc6
{[%clk 0:30:48]} 44. a6 {[%clk 0:33:19]} h4 {[%clk 0:31:13]} 45. a7 {[%clk
0:33:39]} Kb7 {[%clk 0:31:40]} 46. e7 {[%clk 0:33:52]} h3 {[%clk 0:31:53]} 47.
e8Q {[%clk 0:34:04]} Kxa7 {[%clk 0:32:18]} 48. Qe7+ {[%clk 0:34:14]} Kb6 {[%clk
0:32:33]} 49. Qxg5 {[%clk 0:34:34]} h2 {[%clk 0:32:53]} 50. Qh6+ {[%clk 0:34:51]}
Kc5 {[%clk 0:33:05]} 51. Qxh2 {[%clk 0:35:04]} Kd4 {[%clk 0:33:18]} 52. Qf4+
{[%clk 0:35:10]} Kc5 {[%clk 0:33:34]} 53. Qe5+ {[%clk 0:35:21]} Kc4 {[%clk
0:33:41]} 54. Ke3 {[%clk 0:35:39]} Kb3 {[%clk 0:33:51]} 55. Qc5 {[%clk 0:35:55]}
1-0

[Event "Girls U12 Polish Youth Championship"]
[Site "chess24.com"]
[Date "2018.05.05"]
[Round "9"]
[White "Garbowska, Maja"]
[Black "Olszewska, Wiktoria"]
[Result "1-0"]
[Board "15"]
[WhiteElo "1207"]
[WhiteCountry "POL"]
[WhiteFideId "21816573"]
[WhiteEloChange "7"]
[BlackElo "1117"]
[BlackCountry "POL"]
[BlackFideId "21836485"]
[BlackEloChange "-7"]

1. e4 {[%clk 1:30:55]} c5 {[%clk 1:30:55]} 2. Nc3 {[%clk 1:31:08]} d6 {[%clk
1:29:01]} 3. Nge2 {[%clk 1:31:16]} Nf6 {[%clk 1:28:53]} 4. d4 {[%clk 1:31:14]}
cxd4 {[%clk 1:29:07]} 5. Nxd4 {[%clk 1:31:38]} a6 {[%clk 1:29:22]} 6. Be2 {[%clk
1:30:45]} e5 {[%clk 1:26:43]} 7. Nb3 {[%clk 1:27:40]} Be6 {[%clk 1:24:55]} 8. O-O
{[%clk 1:25:03]} Nc6 {[%clk 1:20:30]} 9. f4 {[%clk 1:21:19]} exf4 {[%clk
1:15:15]} 10. Bxf4 {[%clk 1:20:24]} Qc7 {[%clk 1:14:04]} 11. Kh1 {[%clk 1:13:02]}
Be7 {[%clk 1:10:48]} 12. Qe1 {[%clk 1:11:13]} O-O {[%clk 1:06:11]} 13. Qg3 {[%clk
1:07:24]} Ne5 {[%clk 1:03:29]} 14. Rad1 {[%clk 1:01:18]} Rad8 {[%clk 1:00:57]}
15. Nd4 {[%clk 0:57:07]} Bc8 {[%clk 0:51:23]} 16. Bg5 {[%clk 0:51:22]} Ng6 {[%clk
0:49:28]} 17. Bxf6 {[%clk 0:49:15]} Bxf6 {[%clk 0:49:36]} 18. Nd5 {[%clk
0:48:31]} Qd7 {[%clk 0:40:12]} 19. Rxf6 {[%clk 0:45:49]} Kh8 {[%clk 0:32:31]} 20.
Rff1 {[%clk 0:45:08]} b5 {[%clk 0:25:30]} 21. Nb6 {[%clk 0:42:57]} Qc7 {[%clk
0:22:31]} 22. Nxc8 {[%clk 0:42:10]} Qxc8 {[%clk 0:21:55]} 23. Bg4 {[%clk
0:39:45]} Qc7 {[%clk 0:20:08]} 24. c3 {[%clk 0:38:20]} Ne5 {[%clk 0:14:50]} 25.
Qh3 {[%clk 0:36:52]} Nxg4 {[%clk 0:13:55]} 26. Qxg4 {[%clk 0:37:09]} Rde8 {[%clk
0:12:03]} 27. Nf5 {[%clk 0:36:44]} Rg8 {[%clk 0:10:41]} 28. Nxd6 {[%clk 0:36:24]}
Re7 {[%clk 0:10:34]} 29. Qf3 {[%clk 0:33:47]} Rf8 {[%clk 0:10:08]} 30. Qg3 {[%clk
0:32:41]} f6 {[%clk 0:09:13]} 31. Nf5 {[%clk 0:32:09]} Qxg3 {[%clk 0:08:26]} 32.
Nxg3 {[%clk 0:30:55]} Kg8 {[%clk 0:08:15]} 33. Rd6 {[%clk 0:30:44]} a5 {[%clk
0:07:23]} 34. Rfd1 {[%clk 0:30:46]} Rfe8 {[%clk 0:06:39]} 35. h3 {[%clk 0:30:43]}
Kf7 {[%clk 0:06:29]} 36. Rd7 {[%clk 0:30:12]} Kg6 {[%clk 0:05:44]} 37. Rxe7
{[%clk 0:30:00]} Rxe7 {[%clk 0:06:02]} 38. Rd5 {[%clk 0:30:16]} Re5 {[%clk
0:06:19]} 39. Rxe5 {[%clk 0:30:03]} fxe5 {[%clk 0:06:40]} 40. Kg1 {[%clk
0:29:45]} Kg5 {[%clk 0:06:33]} 41. Ne2 {[%clk 0:30:03]} Kf6 {[%clk 0:05:59]} 42.
Kf2 {[%clk 0:30:12]} Ke6 {[%clk 0:06:14]} 43. Ke3 {[%clk 0:29:33]} Kd6 {[%clk
0:06:24]} 44. g4 {[%clk 0:28:14]} g5 {[%clk 0:06:11]} 45. Ng1 {[%clk 0:27:50]} h6
{[%clk 0:05:25]} 46. Nf3 {[%clk 0:27:41]} Ke6 {[%clk 0:05:29]} 47. h4 {[%clk
0:27:22]} Kf6 {[%clk 0:04:54]} 48. hxg5+ {[%clk 0:27:04]} hxg5 {[%clk 0:05:17]}
49. Kd3 {[%clk 0:27:24]} Ke6 {[%clk 0:04:11]} 50. Nxg5+ {[%clk 0:27:16]} Kd6
{[%clk 0:04:28]} 51. Nf3 {[%clk 0:27:24]} 1-0

[Event "Girls U12 Polish Youth Championship"]
[Site "chess24.com"]
[Date "2018.05.05"]
[Round "9"]
[White "Szymajda, Karolina"]
[Black "Siekanska, Maria"]
[Result "0-1"]
[Board "16"]
[WhiteElo "1215"]
[WhiteCountry "POL"]
[WhiteFideId "21836566"]
[WhiteEloChange "-3"]
[BlackElo "1550"]
[BlackCountry "POL"]
[BlackFideId "21852650"]
[BlackEloChange "3"]

1. e4 {[%clk 1:30:58]} c5 {[%clk 1:30:59]} 2. Nf3 {[%clk 1:31:21]} e6 {[%clk
1:31:24]} 3. d4 {[%clk 1:31:46]} cxd4 {[%clk 1:31:49]} 4. Nxd4 {[%clk 1:32:12]}
Nf6 {[%clk 1:32:10]} 5. Nc3 {[%clk 1:32:07]} d6 {[%clk 1:32:26]} 6. Bd3 {[%clk
1:31:20]} Be7 {[%clk 1:31:40]} 7. O-O {[%clk 1:31:37]} O-O {[%clk 1:31:47]} 8. h3
{[%clk 1:29:36]} Nc6 {[%clk 1:30:56]} 9. Nf3 {[%clk 1:29:25]} a6 {[%clk 1:28:46]}
10. Bd2 {[%clk 1:28:04]} b5 {[%clk 1:26:42]} 11. a3 {[%clk 1:26:41]} Bb7 {[%clk
1:25:46]} 12. Re1 {[%clk 1:25:46]} Qc7 {[%clk 1:22:20]} 13. Qe2 {[%clk 1:23:00]}
Ne5 {[%clk 1:16:07]} 14. Nxe5 {[%clk 1:18:17]} dxe5 {[%clk 1:16:27]} 15. Rad1
{[%clk 1:14:18]} Rac8 {[%clk 1:00:23]} 16. Rc1 {[%clk 1:08:28]} Nd7 {[%clk
0:44:25]} 17. Na2 {[%clk 0:51:19]} Nc5 {[%clk 0:41:59]} 18. b4 {[%clk 0:46:38]}
Nxd3 {[%clk 0:40:12]} 19. cxd3 {[%clk 0:46:30]} Qd7 {[%clk 0:37:44]} 20. Bc3
{[%clk 0:45:38]} Bd6 {[%clk 0:30:19]} 21. Rcd1 {[%clk 0:43:59]} Qc7 {[%clk
0:24:41]} 22. d4 {[%clk 0:41:57]} exd4 {[%clk 0:24:43]} 23. Bxd4 {[%clk 0:41:44]}
Be5 {[%clk 0:24:32]} 24. Rc1 {[%clk 0:36:58]} Qb8 {[%clk 0:23:05]} 25. Bc5 {[%clk
0:34:32]} Bd6 {[%clk 0:18:07]} 26. Bxd6 {[%clk 0:34:28]} Qxd6 {[%clk 0:18:29]}
27. Rcd1 {[%clk 0:33:12]} Qc7 {[%clk 0:17:01]} 28. Rc1 {[%clk 0:32:42]} Qe5
{[%clk 0:16:44]} 29. Rcd1 {[%clk 0:31:28]} Rfd8 {[%clk 0:15:27]} 30. f3 {[%clk
0:29:19]} Rxd1 {[%clk 0:13:43]} 31. Rxd1 {[%clk 0:29:32]} f5 {[%clk 0:13:19]} 32.
Re1 {[%clk 0:26:44]} fxe4 {[%clk 0:13:22]} 33. fxe4 {[%clk 0:25:39]} Rc4 {[%clk
0:13:12]} 34. Qd2 {[%clk 0:18:19]} Qd4+ {[%clk 0:12:07]} 35. Qxd4 {[%clk
0:18:22]} Rxd4 {[%clk 0:12:32]} 36. Nc3 {[%clk 0:18:19]} Kf7 {[%clk 0:10:51]} 37.
Kf2 {[%clk 0:18:21]} Kf6 {[%clk 0:08:39]} 38. Ke3 {[%clk 0:15:31]} Ke5 {[%clk
0:08:15]} 39. Kf3 {[%clk 0:14:39]} Rd3+ {[%clk 0:07:33]} 40. Re3 {[%clk 0:14:49]}
Rd4 {[%clk 0:07:26]} 41. Re1 {[%clk 0:14:51]} Rd2 {[%clk 0:07:27]} 42. g4 {[%clk
0:14:05]} Rh2 {[%clk 0:07:14]} 43. Kg3 {[%clk 0:14:09]} Rb2 {[%clk 0:07:36]} 44.
Nb1 {[%clk 0:03:11]} Rb3+ {[%clk 0:06:48]} 45. Kh4 {[%clk 0:03:29]} Kd4 {[%clk
0:04:28]} 46. Rd1+ {[%clk 0:03:06]} Rd3 {[%clk 0:04:56]} 0-1

[Event "Girls U12 Polish Youth Championship"]
[Site "chess24.com"]
[Date "2018.05.05"]
[Round "9"]
[White "Pastuszko, Katarzyna"]
[Black "Maslewska, Anna"]
[Result "1-0"]
[Board "17"]
[WhiteElo "1357"]
[WhiteCountry "POL"]
[WhiteFideId "21844615"]
[WhiteEloChange "4"]
[BlackElo "1124"]
[BlackCountry "POL"]
[BlackFideId "21839581"]
[BlackEloChange "-4"]

1. e4 {[%clk 1:30:56]} e5 {[%clk 1:30:55]} 2. Nf3 {[%clk 1:31:07]} Nc6 {[%clk
1:31:18]} 3. Bc4 {[%clk 1:31:25]} Nf6 {[%clk 1:31:31]} 4. d3 {[%clk 1:31:32]} Bc5
{[%clk 1:31:09]} 5. O-O {[%clk 1:31:37]} h6 {[%clk 1:31:28]} 6. Nbd2 {[%clk
1:31:25]} d6 {[%clk 1:31:36]} 7. c3 {[%clk 1:31:27]} Bg4 {[%clk 1:31:26]} 8. Re1
{[%clk 1:30:59]} O-O {[%clk 1:31:27]} 9. h3 {[%clk 1:30:48]} Bh5 {[%clk 1:31:50]}
10. Nf1 {[%clk 1:30:17]} Re8 {[%clk 1:29:59]} 11. Ng3 {[%clk 1:28:17]} Bxf3
{[%clk 1:28:25]} 12. Qxf3 {[%clk 1:27:54]} Qd7 {[%clk 1:24:24]} 13. Bxh6 {[%clk
1:24:59]} Na5 {[%clk 1:17:04]} 14. Bg5 {[%clk 1:18:53]} Nh7 {[%clk 1:16:35]} 15.
Bh4 {[%clk 1:11:28]} Nxc4 {[%clk 1:15:54]} 16. dxc4 {[%clk 1:11:21]} g5 {[%clk
1:10:20]} 17. Nf5 {[%clk 1:10:57]} f6 {[%clk 1:02:24]} 18. Bg3 {[%clk 1:05:31]}
Rf8 {[%clk 0:58:37]} 19. Qg4 {[%clk 0:56:29]} Kh8 {[%clk 0:58:37]} 20. Kh2 {[%clk
0:49:24]} Rg8 {[%clk 0:53:02]} 21. Rad1 {[%clk 0:44:38]} Nf8 {[%clk 0:48:45]} 22.
b4 {[%clk 0:43:57]} Bxf2 {[%clk 0:41:40]} 23. Bxf2 {[%clk 0:43:30]} Qh7 {[%clk
0:41:33]} 24. Ng3 {[%clk 0:39:18]} Qh4 {[%clk 0:39:44]} 25. Qxh4+ {[%clk
0:38:49]} gxh4 {[%clk 0:40:09]} 26. Nf5 {[%clk 0:38:59]} Ng6 {[%clk 0:40:01]} 27.
Bxh4 {[%clk 0:38:40]} Nxh4 {[%clk 0:40:26]} 28. Nxh4 {[%clk 0:38:55]} Rg7 {[%clk
0:40:30]} 29. Rf1 {[%clk 0:38:52]} Rf8 {[%clk 0:40:41]} 30. Rf5 {[%clk 0:38:34]}
Kh7 {[%clk 0:40:21]} 31. Rdf1 {[%clk 0:37:49]} Rgf7 {[%clk 0:40:30]} 32. R1f3
{[%clk 0:35:54]} Kh6 {[%clk 0:39:52]} 33. g4 {[%clk 0:35:00]} Kg7 {[%clk
0:40:16]} 34. Kg3 {[%clk 0:31:13]} Kg8 {[%clk 0:39:57]} 35. Ng6 {[%clk 0:31:16]}
Re8 {[%clk 0:40:11]} 36. h4 {[%clk 0:29:57]} 1-0

[Event "Girls U12 Polish Youth Championship"]
[Site "chess24.com"]
[Date "2018.05.05"]
[Round "9"]
[White "Pudelko, Magdalena"]
[Black "Mazurek, Maja"]
[Result "0-1"]
[Board "18"]
[WhiteElo "1241"]
[WhiteCountry "POL"]
[WhiteFideId "21839093"]
[WhiteEloChange "-10"]
[BlackElo "1233"]
[BlackCountry "POL"]
[BlackFideId "21836426"]
[BlackEloChange "10"]

1. e4 {[%clk 1:30:58]} d5 {[%clk 1:30:46]} 2. exd5 {[%clk 1:31:22]} Qxd5 {[%clk
1:30:54]} 3. Nc3 {[%clk 1:31:03]} Qa5 {[%clk 1:30:55]} 4. d4 {[%clk 1:31:23]} Nf6
{[%clk 1:30:34]} 5. Nf3 {[%clk 1:31:17]} c6 {[%clk 1:30:33]} 6. Bd2 {[%clk
1:30:42]} Qc7 {[%clk 1:29:51]} 7. Bd3 {[%clk 1:30:58]} Bg4 {[%clk 1:29:25]} 8.
O-O {[%clk 1:31:01]} e6 {[%clk 1:29:18]} 9. Re1 {[%clk 1:30:21]} Bd6 {[%clk
1:25:24]} 10. h3 {[%clk 1:29:54]} Bh5 {[%clk 1:25:19]} 11. Bg5 {[%clk 1:28:42]}
Nbd7 {[%clk 1:23:40]} 12. Bc4 {[%clk 1:27:17]} O-O {[%clk 1:22:53]} 13. Ne4
{[%clk 1:26:17]} Nxe4 {[%clk 1:19:25]} 14. Rxe4 {[%clk 1:26:39]} h6 {[%clk
1:15:17]} 15. Bd2 {[%clk 1:25:52]} Nf6 {[%clk 1:10:01]} 16. Re1 {[%clk 1:25:29]}
Rad8 {[%clk 1:09:07]} 17. Bc3 {[%clk 1:21:18]} c5 {[%clk 1:01:31]} 18. Qe2 {[%clk
1:16:26]} Bxf3 {[%clk 0:59:44]} 19. Qxf3 {[%clk 1:13:12]} cxd4 {[%clk 1:00:34]}
20. Bxd4 {[%clk 1:13:35]} Bh2+ {[%clk 0:59:25]} 21. Kh1 {[%clk 1:13:36]} Rxd4
{[%clk 0:59:35]} 22. Bd3 {[%clk 1:13:47]} Bf4 {[%clk 0:56:33]} 23. Rad1 {[%clk
1:11:54]} Rfd8 {[%clk 0:53:19]} 24. c3 {[%clk 1:08:12]} R4d5 {[%clk 0:47:57]} 25.
Bc2 {[%clk 1:03:53]} Rxd1 {[%clk 0:44:47]} 26. Rxd1 {[%clk 1:04:16]} Rxd1+ {[%clk
0:45:09]} 27. Qxd1 {[%clk 1:04:30]} Qb6 {[%clk 0:44:29]} 28. b4 {[%clk 1:03:28]}
Nd5 {[%clk 0:44:37]} 29. Qe1 {[%clk 0:59:42]} Qc6 {[%clk 0:43:17]} 30. Qe4 {[%clk
0:59:25]} Qxc3 {[%clk 0:42:25]} 31. g3 {[%clk 0:59:19]} Bd6 {[%clk 0:35:36]} 32.
b5 {[%clk 0:58:36]} Qa1+ {[%clk 0:33:37]} 33. Kg2 {[%clk 0:58:47]} Qxa2 {[%clk
0:33:40]} 34. Qe2 {[%clk 0:58:42]} Nc3 {[%clk 0:29:34]} 35. Qd2 {[%clk 0:58:44]}
Qd5+ {[%clk 0:28:59]} 36. Qxd5 {[%clk 0:58:57]} exd5 {[%clk 0:29:18]} 37. Kf3
{[%clk 0:58:41]} Nxb5 {[%clk 0:29:41]} 38. Ke3 {[%clk 0:58:36]} f6 {[%clk
0:29:26]} 39. f4 {[%clk 0:58:54]} Kf7 {[%clk 0:29:29]} 40. g4 {[%clk 0:58:48]}
Ke7 {[%clk 0:29:16]} 41. f5 {[%clk 0:58:59]} Kd7 {[%clk 0:28:47]} 42. h4 {[%clk
0:59:27]} Kc6 {[%clk 0:29:03]} 43. h5 {[%clk 0:59:49]} Kc5 {[%clk 0:29:30]} 44.
Kd3 {[%clk 1:00:16]} Kb4 {[%clk 0:29:36]} 45. g5 {[%clk 0:59:59]} hxg5 {[%clk
0:28:58]} 46. h6 {[%clk 0:59:09]} gxh6 {[%clk 0:29:21]} 47. Kd2 {[%clk 0:58:55]}
a5 {[%clk 0:29:12]} 48. Kc1 {[%clk 0:57:54]} a4 {[%clk 0:28:40]} 49. Kb2 {[%clk
0:57:59]} a3+ {[%clk 0:29:07]} 50. Ka2 {[%clk 0:58:21]} Nc3+ {[%clk 0:28:24]} 51.
Ka1 {[%clk 0:58:32]} a2 {[%clk 0:28:38]} 52. Bb3 {[%clk 0:58:29]} g4 {[%clk
0:28:34]} 53. Bc2 {[%clk 0:57:30]} g3 {[%clk 0:28:36]} 54. Bb3 {[%clk 0:56:18]}
g2 {[%clk 0:28:38]} 55. Bd1 {[%clk 0:56:42]} g1Q {[%clk 0:28:29]} 56. Kb2 {[%clk
0:57:07]} a1Q+ {[%clk 0:28:25]} 57. Kxa1 {[%clk 0:57:23]} Qxd1+ {[%clk 0:28:48]}
58. Kb2 {[%clk 0:57:24]} Qb1# {[%clk 0:28:50]} 0-1

[Event "Girls U12 Polish Youth Championship"]
[Site "chess24.com"]
[Date "2018.05.05"]
[Round "9"]
[White "Szewczuk, Aleksandra"]
[Black "Tim, Anna"]
[Result "1-0"]
[Board "19"]
[WhiteElo "1178"]
[WhiteCountry "POL"]
[WhiteFideId "21861625"]
[WhiteEloChange "10"]
[BlackElo "1189"]
[BlackCountry "POL"]
[BlackFideId "21861633"]
[BlackEloChange "-10"]

1. e4 {[%clk 1:30:57]} c5 {[%clk 1:30:48]} 2. Nf3 {[%clk 1:31:10]} e6 {[%clk
1:31:01]} 3. d4 {[%clk 1:31:22]} cxd4 {[%clk 1:31:19]} 4. Nxd4 {[%clk 1:31:44]}
a6 {[%clk 1:31:22]} 5. Bd3 {[%clk 1:31:39]} Nf6 {[%clk 1:28:59]} 6. O-O {[%clk
1:31:06]} Qc7 {[%clk 1:26:58]} 7. Re1 {[%clk 1:25:14]} b5 {[%clk 1:22:00]} 8. e5
{[%clk 1:22:27]} Nd5 {[%clk 1:21:44]} 9. a3 {[%clk 1:18:06]} Bb7 {[%clk 1:18:50]}
10. Nd2 {[%clk 1:16:47]} Be7 {[%clk 1:18:00]} 11. Kh1 {[%clk 1:14:58]} O-O {[%clk
1:16:17]} 12. Qh5 {[%clk 1:08:43]} g6 {[%clk 1:16:06]} 13. Qg4 {[%clk 1:08:01]}
Rd8 {[%clk 1:13:23]} 14. N2f3 {[%clk 1:06:56]} Nc6 {[%clk 1:11:45]} 15. h4 {[%clk
1:03:28]} h5 {[%clk 1:09:48]} 16. Qg3 {[%clk 1:03:23]} d6 {[%clk 1:07:42]} 17.
Bxg6 {[%clk 0:56:57]} fxg6 {[%clk 1:01:02]} 18. Qxg6+ {[%clk 0:57:21]} Kh8 {[%clk
1:01:12]} 19. Nxe6 {[%clk 0:57:19]} Bf8 {[%clk 0:56:31]} 20. Nxc7 {[%clk
0:57:32]} Nxc7 {[%clk 0:56:50]} 21. Ng5 {[%clk 0:57:46]} Rd7 {[%clk 0:56:47]} 22.
Nf7+ {[%clk 0:58:03]} Rxf7 {[%clk 0:57:07]} 23. Qxf7 {[%clk 0:58:26]} Rc8 {[%clk
0:56:54]} 24. exd6 {[%clk 0:58:20]} Bxd6 {[%clk 0:56:44]} 25. Bh6 {[%clk
0:58:21]} Be5 {[%clk 0:56:43]} 26. Rxe5 {[%clk 0:58:39]} Nxe5 {[%clk 0:56:37]}
27. Qg7# {[%clk 0:58:58]} 1-0

[Event "Girls U12 Polish Youth Championship"]
[Site "chess24.com"]
[Date "2018.05.05"]
[Round "9"]
[White "Janikowska, Wiktoria"]
[Black "Wieczorek, Julia"]
[Result "1-0"]
[Board "20"]
[WhiteElo "1369"]
[WhiteCountry "POL"]
[WhiteFideId "21836388"]
[WhiteEloChange "3"]
[BlackElo "1086"]
[BlackCountry "POL"]
[BlackFideId "21853363"]
[BlackEloChange "-3"]

1. e4 {[%clk 1:30:56]} c5 {[%clk 1:30:54]} 2. Nf3 {[%clk 1:31:14]} d6 {[%clk
1:31:04]} 3. d4 {[%clk 1:31:32]} cxd4 {[%clk 1:31:25]} 4. Nxd4 {[%clk 1:31:52]}
Nf6 {[%clk 1:30:30]} 5. Nc3 {[%clk 1:32:06]} a6 {[%clk 1:30:28]} 6. Be2 {[%clk
1:31:54]} e5 {[%clk 1:30:35]} 7. Nb3 {[%clk 1:32:17]} Be7 {[%clk 1:30:37]} 8. Bg5
{[%clk 1:32:26]} Be6 {[%clk 1:28:15]} 9. Bxf6 {[%clk 1:31:42]} Bxf6 {[%clk
1:28:27]} 10. Qd3 {[%clk 1:30:30]} O-O {[%clk 1:27:26]} 11. Rd1 {[%clk 1:30:10]}
Be7 {[%clk 1:25:19]} 12. O-O {[%clk 1:29:27]} Nc6 {[%clk 1:21:53]} 13. a3 {[%clk
1:17:31]} Bxb3 {[%clk 1:11:34]} 14. cxb3 {[%clk 1:17:54]} Nd4 {[%clk 1:08:27]}
15. Nd5 {[%clk 1:12:16]} Rb8 {[%clk 1:02:26]} 16. Bg4 {[%clk 1:03:29]} b5 {[%clk
0:54:15]} 17. f4 {[%clk 0:54:34]} a5 {[%clk 0:44:35]} 18. Rc1 {[%clk 0:48:09]}
Bf6 {[%clk 0:38:29]} 19. Nxf6+ {[%clk 0:45:38]} Qxf6 {[%clk 0:38:46]} 20. fxe5
{[%clk 0:45:40]} Qxe5 {[%clk 0:37:58]} 21. Rcd1 {[%clk 0:39:56]} Qg5 {[%clk
0:29:27]} 22. Qxd4 {[%clk 0:28:52]} Qxg4 {[%clk 0:29:28]} 23. Qxd6 {[%clk
0:21:43]} Qxe4 {[%clk 0:28:41]} 24. Qd3 {[%clk 0:16:54]} Qxd3 {[%clk 0:27:09]}
25. Rxd3 {[%clk 0:17:17]} Rfd8 {[%clk 0:27:22]} 26. Rdf3 {[%clk 0:11:57]} f6
{[%clk 0:26:25]} 27. Rc1 {[%clk 0:09:58]} Rbc8 {[%clk 0:25:37]} 28. Rfc3 {[%clk
0:09:53]} Rxc3 {[%clk 0:25:10]} 29. bxc3 {[%clk 0:09:58]} Rc8 {[%clk 0:25:19]}
30. Kf2 {[%clk 0:10:14]} g5 {[%clk 0:19:56]} 31. c4 {[%clk 0:10:12]} bxc4 {[%clk
0:18:22]} 32. Rxc4 {[%clk 0:07:28]} Rxc4 {[%clk 0:17:46]} 33. bxc4 {[%clk
0:07:54]} Kf7 {[%clk 0:18:10]} 34. Ke3 {[%clk 0:08:12]} Ke6 {[%clk 0:18:31]} 35.
Kd4 {[%clk 0:07:13]} Kd6 {[%clk 0:16:33]} 36. g4 {[%clk 0:06:34]} a4 {[%clk
0:15:28]} 37. c5+ {[%clk 0:05:56]} Kc6 {[%clk 0:15:33]} 38. Kc4 {[%clk 0:06:00]}
Kc7 {[%clk 0:14:20]} 39. Kd5 {[%clk 0:06:06]} Kd7 {[%clk 0:14:06]} 40. c6+ {[%clk
0:06:28]} Kc7 {[%clk 0:13:39]} 41. Kc5 {[%clk 0:06:26]} Kd8 {[%clk 0:13:47]} 42.
Kd6 {[%clk 0:06:47]} Kc8 {[%clk 0:14:03]} 43. c7 {[%clk 0:07:10]} h6 {[%clk
0:14:15]} 44. h3 {[%clk 0:07:28]} f5 {[%clk 0:10:55]} 45. gxf5 {[%clk 0:07:54]}
h5 {[%clk 0:11:00]} 46. f6 {[%clk 0:08:19]} g4 {[%clk 0:11:19]} 47. hxg4 {[%clk
0:08:46]} hxg4 {[%clk 0:11:38]} 48. f7 {[%clk 0:09:13]} g3 {[%clk 0:12:00]} 49.
f8Q+ {[%clk 0:09:29]} Kb7 {[%clk 0:12:27]} 50. Qb8+ {[%clk 0:09:46]} Ka6 {[%clk
0:12:36]} 51. c8Q+ {[%clk 0:10:07]} Ka5 {[%clk 0:12:32]} 52. Qb4# {[%clk
0:10:23]} 1-0

[Event "Girls U12 Polish Youth Championship"]
[Site "chess24.com"]
[Date "2018.05.05"]
[Round "9"]
[White "Szopa, Emilia"]
[Black "Romejko, Jagoda"]
[Result "1-0"]
[Board "21"]
[WhiteElo "1261"]
[WhiteCountry "POL"]
[WhiteFideId "21858853"]
[WhiteEloChange "5"]
[BlackElo "1083"]
[BlackCountry "POL"]
[BlackFideId "21836523"]
[BlackEloChange "-5"]

1. e4 {[%clk 1:30:35]} e5 {[%clk 1:30:36]} 2. Nf3 {[%clk 1:30:29]} Nc6 {[%clk
1:30:11]} 3. Bc4 {[%clk 1:29:23]} Nf6 {[%clk 1:28:25]} 4. d3 {[%clk 1:29:21]} Bc5
{[%clk 1:28:13]} 5. O-O {[%clk 1:29:40]} O-O {[%clk 1:28:35]} 6. Bb3 {[%clk
1:29:52]} d6 {[%clk 1:23:06]} 7. c3 {[%clk 1:28:40]} Ne7 {[%clk 1:21:00]} 8. Nbd2
{[%clk 1:27:59]} Ng6 {[%clk 1:20:24]} 9. h3 {[%clk 1:26:32]} Be6 {[%clk 1:12:34]}
10. Bc2 {[%clk 1:24:14]} Qe7 {[%clk 0:58:18]} 11. Re1 {[%clk 1:19:14]} Rad8
{[%clk 0:54:32]} 12. Nf1 {[%clk 1:17:32]} Bb6 {[%clk 0:45:28]} 13. d4 {[%clk
1:14:13]} Bc4 {[%clk 0:41:49]} 14. Ne3 {[%clk 1:09:33]} Bb5 {[%clk 0:40:22]} 15.
a4 {[%clk 1:08:11]} Ba6 {[%clk 0:39:03]} 16. a5 {[%clk 1:07:21]} Bxd4 {[%clk
0:39:00]} 17. cxd4 {[%clk 1:07:05]} Nf4 {[%clk 0:36:42]} 18. Nf5 {[%clk 1:05:35]}
Qe8 {[%clk 0:31:36]} 19. Bxf4 {[%clk 1:01:49]} exf4 {[%clk 0:31:50]} 20. e5
{[%clk 1:01:39]} dxe5 {[%clk 0:31:38]} 21. Ba4 {[%clk 1:01:30]} c6 {[%clk
0:29:57]} 22. Nxe5 {[%clk 1:00:53]} Qe6 {[%clk 0:29:03]} 23. Ng6 {[%clk 1:00:50]}
Qxf5 {[%clk 0:29:01]} 24. Ne7+ {[%clk 1:01:06]} Kh8 {[%clk 0:29:26]} 25. Nxf5
{[%clk 1:01:27]} Nd5 {[%clk 0:28:51]} 26. Ne7 {[%clk 1:00:03]} Nf6 {[%clk
0:28:29]} 27. Bc2 {[%clk 0:59:06]} h6 {[%clk 0:28:20]} 28. Qd2 {[%clk 0:58:19]}
Nh5 {[%clk 0:22:29]} 29. Bd1 {[%clk 0:57:39]} Nf6 {[%clk 0:22:34]} 30. Qxf4
{[%clk 0:57:35]} Bb5 {[%clk 0:22:38]} 31. Nf5 {[%clk 0:56:43]} Ba6 {[%clk
0:22:37]} 32. Qg3 {[%clk 0:56:40]} g6 {[%clk 0:22:36]} 33. Qe5 {[%clk 0:56:15]}
gxf5 {[%clk 0:22:58]} 34. Qxf6+ {[%clk 0:56:32]} Kh7 {[%clk 0:23:19]} 35. Re3
{[%clk 0:56:35]} Rg8 {[%clk 0:23:31]} 36. Bc2 {[%clk 0:56:41]} Rg6 {[%clk
0:23:34]} 37. Bxf5 {[%clk 0:56:43]} Rg8 {[%clk 0:23:45]} 38. Qxf7+ {[%clk
0:56:50]} Kh8 {[%clk 0:24:04]} 39. Bxg6 {[%clk 0:57:07]} Rg7 {[%clk 0:24:22]} 40.
Qf8+ {[%clk 0:57:19]} Rg8 {[%clk 0:24:36]} 41. Qxh6# {[%clk 0:57:43]} 1-0